Statistics for States With a Warby Parker

Click here to take the quiz!

General Stats

  • This quiz has been taken 3 times
  • The average score is 21 of 31

Answer Stats

Answer% Correct
Arizona
100%
California
100%
Florida
100%
Massachusetts
100%
New York
100%
Virginia
100%
Alabama
67%
Connecticut
67%
Georgia
67%
Illinois
67%
Indiana
67%
Maryland
67%
Minnesota
67%
Nevada
67%
New Jersey
67%
North Carolina
67%
Ohio
67%
Oklahoma
67%
Oregon
67%
Pennsylvania
67%
Rhode Island
67%
Texas
67%
Utah
67%
Washington
67%
Wisconsin
67%
Colorado
33%
Kentucky
33%
Louisiana
33%
Michigan
33%
Missouri
33%
Tennessee
33%

Score Distribution

Percentile by Number Answered

Percent of People with Each Score

Your Score History

You have not taken this quiz